Los cinco y el tesoro de la isla (Record no. 683)

MARC details
000 -CABECERA
campo de control de longitud fija 01228nam a22002894c 4500
003 - IDENTIFICADOR DE NUMERO DE CONTROL
campo de control AR-BaSMT
008 - CAMPOS DE LONGITUD FIJA
campo de control de longitud fija 260512b2018 aga|||br|||| 001 1 spa d
020 ## - ISBN: Indicadores indefinidos
Número ISBN 9788426142924
040 ## - FUENTE DE CATALOGACION
Agencia de catalogación original BSGB
Idioma de catalogación español
Agencia que realiza la transcripción BSGB
Convenciones de la descripción rda
041 1# - CODIGO DE IDIOMA
Código idioma ing
Idioma original inglés
080 ## - CDU
CDU completo 82-31
100 1# - PUNTO DE ACCESO PRINCIPAL
Nombre de persona Blyton, Enid
Enlace autoridades 509
245 14 - MENCION DE TITULO
Título Los cinco y el tesoro de la isla
250 ## - MENCION DE EDICION
Mención de edición Sexta edición
264 ## - PRODUCCIÓN, PUBLICACIÓN, DISTRIBUCIÓN, ETC.
Lugar de publicación, etc. Barcelona :
Nombre editor. Editorial Juventud ,
Fecha 2018
300 ## - DESCRIPCION FISICA
Extensión 218 páginas ;
Otros detalles físicos ilustraciones blanco y negro
336 ## - TIPO DE CONTENIDO
rdacontent rdacontent
texto texto
txt txt
337 ## - TIPO DE MEDIO
rdamedia rdamedia
sin mediación sin mediación
n n
338 ## - TIPO DE SOPORTE
rdacarrier rdacarrier
volumen volumen
nc nc
490 ## - TÍTULO DE LA SERIE
Título de la serie Los cinco ,
Número de serie 1
520 ## - NOTA DE SUMARIO, RESUMEN, ETC.
Toda la nota ¡Un temporal saca a la luz un antiguo barco naufragado junto a la isla de Kirrin!<br/>Los Cinco se enteran de que llevaba un tesoro y están resueltos a encontrarlo. ¡Pero no son los únicos! Alguien más está sobre la pista. El tiempo se acaba para los Cinco. ¿Conseguirán llegar ellos primero al tesoro?
URL, URI, etc. https://www.editorialjuventud.es/los-cinco-y-el-tesoro-de-la-isla-9788426142924/<br/>12/05/2026
521 1# - NOTA DE PÚBLICO DESTINATARIO
Nota de audiencia A partir de 9 años
650 #7 - PUNTO DE ACCESO ADICIONAL DE MATERIA – TÉRMINO TEMÁTICO
Enlace autoridades 8
Término de materia o nombre geográfico como elemento de entrada LITERATURA INFANTIL
650 #7 - PUNTO DE ACCESO ADICIONAL DE MATERIA – TÉRMINO TEMÁTICO
Enlace autoridades 34
Término de materia o nombre geográfico como elemento de entrada NOVELA DE AVENTURAS
942 ## - ELEMENTOS AGREGADOS (KOHA)
CDU Clasificación Decimal Dewey
Tipo de ítem Libros
Holdings
Disponible Perdido Fuente de clasificación Estado Ubicación permanente Locación actual Estante o sala Fuente de adquisición Número de inventario Total préstamos Signatura topográfica Código de barras Numero de ejemplar Tipo de item de Koha Calificador de localización códificado
    Clasificación Decimal Dewey   Biblioteca Susana G. De Batemarco Biblioteca Susana G. De Batemarco Celeste donación 000860   82-31 BLY 000860 1 Libros  

Powered by Koha